000 01268cam a2200289 a 4500
001 000010569
005 20200929162242.0
008 950614s1994 sp a b 000 0 spa
020 _a8475064078
040 _aDO-SdBNP
_bspa
_cLC
_dBNPHU
041 1 7 _aspa
_2Código de idioma MARC
_hlatita
082 _a292
_bV737ó
100 1 _aVillena, Enrique de Aragón,
_cMarqués de,
_d1384-1434.
_925639
245 1 0 _aObras completas, I /
_cEnrique de Villena ; edición y prólogo de Pedro M. Villena.
260 _aMadrid :
_bTurner,
_c1994.
300 _a575 p. :
_bil. ;
_c23 cm.
490 1 _aBiblioteca Castro
_v1
504 _aIncluye referencias bibliográficas.
505 0 _aLos doce trabajos de Hércules -- Tratado de la lepra -- Arte cisoria -- Tratado de consolación -- Exposición del salmo "Quoniam videbo" -- Tratado de fascinación o de aojamiento -- Epístola a Suero de Quiñones -- Arte de Trovar -- Exposición del soneto de Petrarca -- Cartas -- Tratado de astrología.
650 4 _aMitología griega
_925559
650 4 _aEnsayos españoles
_93095
650 4 _aAstrología
_925640
700 1 _aVillena, Pedro M.,
_eed.
_epról.
_925641
830 0 _aBiblioteca Castro ;
_vv. 1
_912631
910 _aCatalogación por copia / LC
049 _aBNGR
999 _c10327
_d10327